[Event "Florianopolis op 3rd"]
[Site "Florianopolis"]
[Date "2017.01.25"]
[Round "9"]
[White "Leao, Flavio Sanchez"]
[Black "Albino, Samuel"]
[Result "1/2-1/2"]
[WhiteElo "1825"]
[BlackElo "1527"]
[PlyCount "35"]
[EventDate "2017.01.20"]
[EventType "swiss"]
[EventRounds "10"]
[EventCountry "BRA"]
[SourceTitle "EXT 2018"]
[Source "ChessBase"]
[SourceDate "2017.10.13"]
[SourceVersion "1"]
[SourceVersionDate "2017.10.13"]
[SourceQuality "1"]

1. e4 c5 2. Nf3 d6 3. d4 cxd4 4. Nxd4 Nf6 5. Nc3 a6 6. Be2 e5 7. Nb3 Be6 8. Bg5 Nbd7 9. Nd5 Bxd5 10. exd5 b5 11. a4 bxa4 12. Bxf6 Nxf6 13. Rxa4 Qb6 14. Qd3 Be7 15. Rxa6 Rxa6 16. Qxa6 Qxa6 17. Bxa6 Nxd5 18. Bb5+ 1/2-1/2

[Event "Florianopolis op 2nd"]
[Site "Florianopolis"]
[Date "2016.01.19"]
[Round "6"]
[White "Albino, Samuel"]
[Black "Cifuentes Goncalves, Luiz Osvaldo"]
[Result "0-1"]
[WhiteElo "1509"]
[BlackElo "1752"]
[PlyCount "122"]
[EventDate "2016.01.16"]
[EventType "swiss"]
[EventRounds "10"]
[EventCountry "BRA"]
[SourceTitle "CBM 170 Extra"]
[Source "ChessBase"]
[SourceDate "2016.02.25"]
[SourceVersion "1"]
[SourceVersionDate "2016.02.25"]
[SourceQuality "1"]

1. e4 c5 2. Nf3 d6 3. d4 cxd4 4. Nxd4 Nf6 5. Nc3 a6 6. Be2 Qc7 7. Be3 e5 8. Nb3 Be6 9. a4 Nbd7 10. a5 Rc8 11. f3 Be7 12. 0-0 0-0 13. Qd2 Bxb3 14. cxb3 Nc5 15. Bc4 h6 16. Rfc1 Qd8 17. b4 Ncd7 18. Bb3 b5 19. axb6 Nxb6 20. Rxa6 Nc4 21. Bxc4 Rxc4 22. b5 Qb8 23. b6 Rfc8 24. b7 Re8 25. Rb6 Rc7 26. Nd5 Rxb7 27. Rxb7 Qxb7 28. Rc7 Qb5 29. Nxe7+ Kh7 30. Nf5 Ra8 31. Rc1 Ne8 32. Bxh6 g6 33. Ng3 Ra2 34. Rb1 Ra4 35. Bf8 Rd4 36. Qe2 Qb4 37. Rd1 Rc4 38. Bxd6 Nxd6 39. Rxd6 Rc1+ 40. Rd1 Qd4+ 41. Qf2 Rxd1+ 42. Nf1 Qxf2+ 43. Kxf2 Rb1 44. Ne3 Rxb2+ 45. Kg3 Kg7 46. Ng4 f6 47. Kh3 Rb5 48. Kg3 f5 49. Nf2 f4+ 50. Kh4 Rb2 51. Ng4 Rxg2 52. Nxe5 g5+ 53. Kh3 Rg1 54. Nd3 Kf6 55. Nf2 Ke5 56. Ng4+ Kd4 57. Ne5 Ke3 58. Ng6 Kxf3 59. e5 Ke4 60. e6 Kf5 61. e7 Re1 0-1